| 000 | 00684nam a2200193 u 4500 | ||
|---|---|---|---|
| 005 | 20210223130709.0 | ||
| 008 | 081003s2006 mx r 000 0 spa d | ||
| 020 | _a9685901201 | ||
| 035 | _aUPN01000162042 | ||
| 049 | _aI | ||
| 050 | 4 |
_aQB500.22 _bC3.3 |
|
| 100 | 1 |
_aCaballero Leal, Laura Patricia _933109 |
|
| 245 | 1 | 1 |
_a¡Averigua más sobre-- los familiares cercanos del tercer tipo! / _c[texto y redac. Laura Patricia Caballero Leal] ; il. Hilda M. Caballero Leal. |
| 260 |
_aMéxico : _bConstantine, _c2006. |
||
| 300 |
_a64 p. : _bil. col. |
||
| 650 | 4 |
_aASTRONOMIA - _vLITERATURA INFANTIL _911353 |
|
| 650 | 4 |
_aSISTEMA SOLAR - _vLITERATURA JUVENIL _912527 |
|
| 905 | _aInfantil | ||
| 999 |
_c134155 _d134155 |
||